1758 1649 1786 1549 1704 1086 1027 1892 1524 1125 1347 1221 1517 1668 1341 1040 1864 1931 1653 1877 1768 1444 1596 1159 1232 1184 1741 1140 1055 1464 1404 1495 1195 1918 1905 1205 1756 1467 1987 1471 1911 1799 1061 1908 1748 1512 1878 1420 1432 1921 1130 1008 1777 1237 1101 1982 1365 1663 1720 1542 1943 1619 1061 1893 1375 1829 1940 1391 1312 1479 1337 1426 1240 1127 1659 1427 1724 1423 1083 1278 1128 1964 1945 1785 1984 1672 1723 1022 1186 1924 1820 1447 1397 1329 1185 1940 1715 1382 1258 BCNSPRNW ULIB Ver.6.0+V

เปลี่ยนเป็นภาษาไทย

Change to English
 แสดงรายละเอียดบรรณานุกรม
  กลับหน้าหลัก

Brief Record : Get Marc (ISO 2709) : E-mail record : QR code < ปิดหน้าต่าง
LEADER : 00000nam 2200000uu 4500
001    13399123656
003     ULIB
008    141103s2557||||th 000 0 tha d
020    ^a786163617439
060 04 ^aQW4^bจ483จ
100 0  ^aจินตนา อาจสันเที๊ยะ
245 10 ^aจุลชีววิทยาและภูมิคุ้มกันวิทยาสำหรับพยาบาล =^bMicrobiology and immunology for nurse /^cจินตนา อาจสันเที๊ยะ
246 31 ^aMicrobiology and immunology for nurse
250    ^aพิมพ์ครั้งที่ 3
260    ^aกรุงเทพฯ :^bบางกอกบล๊อก,^c2557
300    ^a178 หน้า :^bภาพประกอบ ;^c29 ซม.
650  4 ^aจุลชีววิทยา
650  4 ^aภูมิคุ้มกันวิทยา
945    ^p195^l0^i036533
945    ^p195^l0^i036534
999    ^aเกษร โพธิ์สุวรรณ
รายการนี้ยังไม่มีแท็ก
คุณยังไม่ได้ล็อกอิน คุณสามารถมีกิจกรรมร่วมกับเว็บไซต์ได้ แต่ต้องล็อกอินก่อน ::
  ล็อกอิน

รายการสื่อสารสนเทศ

ลำดับที่ ประเภท เลขเรียก/บาร์โค้ด สถานที่ สถานะ
1. วิทยาศาสตร์การแพทย์ และสุขภาพ
วิทยาศาสตร์การแพทย์ และสุขภาพ
สถานะ=หนังสือเก่า
QW4 จ483จ ฉ.1 
  Barcode: 036533
ห้องสมุดวิทยาเขตสวรรค์ประชารักษ์
►ส่วนจัดเก็บหนังสือเก่า สปร
บนชั้น
  ขอยืม
2. วิทยาศาสตร์การแพทย์ และสุขภาพ
วิทยาศาสตร์การแพทย์ และสุขภาพ
สถานะ=หนังสือเก่า
QW4 จ483จ ฉ.2 
  Barcode: 036534
ห้องสมุดวิทยาเขตสวรรค์ประชารักษ์
►ส่วนจัดเก็บหนังสือเก่า สปร
บนชั้น
  ขอยืม

รายการใกล้เคียง
    ผู้แต่ง [จินตนา อาจสันเที๊ยะ]

    หัวเรื่อง [จุลชีววิทยา]
    หัวเรื่อง [ภูมิคุ้มกันวิทยา]

BibComment


ยังไม่เคยถูกคอมเมนท์

คอมเมนท์ทรัพยากรรายการนี้
  คอมเมนท์: จุลชีววิทยาและภู..


 Copyright 2026. Bcnsprnw @Library